000 01938nam a2200241 a 4500
001 000020836
003 OCoLC
005 20240307073942.0
008 081112s2002 dr 000 0 spa d
020 _a9788489525450
020 _a8489525455
040 _aDO-SdBNP
_bspa
_cBNPHU
090 _a378.1012
_bI59r, 2002
110 2 _aInstituto Tecnológico de Santo Domingo
_978911
245 1 0 _aReglamentos académicos :
_baprobados mediante resolución 1-20/96 de fecha 14-11-96.
250 _a10a ed
260 _aSanto Domingo :
_bINTEC,
_c2002.
300 _a64 p. ;
_c21 cm.
500 _a6
505 0 _aPresentación -- Reglamento academico -- Definición y objetivos -- Programas curriculares -- Programas ordinarios y extraordinarios -- Estructura curricular -- Programa de asignaturas -- Unidad de contabilidad académica -- Calendario académico -- Programación de asignaturas -- Asitencia y puntualidad -- Del estudiantado -- Del profesorado -- Admisiones -- Normas de ingreso -- Del estudiantado extranjero -- Convalidación a profesionales -- Convalidación a egresados y egresadas del INTEC -- Carga académica -- Evaluaciones y calificaciones -- Revisión de calificaciones -- Rendimiento académico -- Condición académica y baja académica -- Permanencia institucional -- Reincorporación al instituto -- Retiros -- Cambio de carrera -- Pre-requisitos -- Honores académicos -- Graduación -- Grados, títulos y certificados -- Auditoría académica -- Número de estudiantes por secciones -- Disposiciones generales -- Reglamento de disciplina -- Reglamento de tutoria -- Definiciones, fines y objetivos -- Principios generales -- Del pago -- De los procedimientos -- Reglamento de pasantia -- Principios orientadores -- Naturaleza de la pasantía -- De los requisitos -- De los procedimientos.
610 0 _aINSTITUTO TECNOLÓGICO DE SANTO DOMINGO
_vREGLAMENTOS
_91629
650 _aUniversidades
_vREGLAMENTOS
_91627
999 _c20339
_d20339